[Event "DVM U16 2014"]
[Site "Magdeburg GER"]
[Date "2014.12.27"]
[Round "1"]
[White "Sabirov, Ramil"]
[Black "Kololli, Kevin"]
[Result "1/2-1/2"]
[Termination "normal"]
[Board "1.1"]
[WhiteElo "1922"]
[BlackElo "2178"]
[WhiteTeam "SG Porz"]
[BlackTeam "Lübecker SV"]
[PlyCount "92"]
[WhiteFideId "12900303"]
[BlackFideId "12936863"]
[EventCountry "GER"]
[EventRounds "7"]
[EventType "team-swiss"]
[EventDate "2014.12.26"]

1. g3 c5 2. Bg2 Nc6 3. d3 g6 4. e4 Bg7 5. Ne2 e6 6. c4 Nge7 7. Nbc3 O-O 8. O-O
Nd4 9. Bg5 h6 10. Be3 Kh7 11. a3 d6 12. Rb1 Rb8 13. b4 b6 14. f4 Bb7 15. Bf2
Nec6 16. Qd2 Qd7 17. b5 Nxe2+ 18. Nxe2 Nd4 19. Nxd4 cxd4 20. Qb2 e5 21. f5 Qe7
22. Bh3 Qg5 23. Qe2 h5 24. Be1 Bh6 25. Rf3 a6 26. bxa6 Bxa6 27. Bb4 Qe7 28. Bd2
Bg7 29. a4 Bf6 30. Rff1 Kg7 31. Rb4 Bc8 32. Qf2 g5 33. g4 h4 34. Rfb1 Qa7 35.
Qe1 Bd8 36. Qd1 Ra8 37. Qb3 f6 38. Bf1 Bd7 39. Ra1 Bc6 40. Be2 Qd7 41. Bd1 Bc7
42. Qb1 Ra6 43. Bb3 Rfa8 44. Qc2 Qe8 45. h3 Bd8 46. Rb5 Qd7 1/2-1/2

[Event "DVM U16 2014"]
[Site "Magdeburg GER"]
[Date "2014.12.27"]
[Round "1"]
[White "Kololli, Martin"]
[Black "Brungs, Sven"]
[Result "1-0"]
[Termination "normal"]
[Board "1.2"]
[WhiteElo "2136"]
[BlackElo "1891"]
[WhiteTeam "Lübecker SV"]
[BlackTeam "SG Porz"]
[PlyCount "91"]
[WhiteFideId "12936910"]
[BlackFideId "12946257"]
[EventCountry "GER"]
[EventRounds "7"]
[EventType "team-swiss"]
[EventDate "2014.12.26"]

1. e4 g6 2. d4 Bg7 3. Nf3 d6 4. Nc3 Nf6 5. h3 O-O 6. Be3 Nfd7 7. Qd2 c5 8. Bh6
Nc6 9. Bxg7 Kxg7 10. Be2 a6 11. O-O b5 12. a4 b4 13. Nd5 Bb7 14. Rfd1 Nb6 15.
Ne3 h6 16. Ng4 Rh8 17. dxc5 dxc5 18. Qe3 Qe8 19. Qxc5 Nd7 20. Qc4 a5 21. Qb5
Qc8 22. Qd3 Nc5 23. Qe3 Ne6 24. Bc4 h5 25. Ngh2 Ba6 26. Bd5 Bb7 27. c4 Ned8 28.
c5 e6 29. Bb3 Qc7 30. Rd6 Bc8 31. Rc1 Nb7 32. Rdd1 Qe7 33. Nd4 Nxd4 34. Qxd4+
e5 35. Qe3 Qc7 36. c6 Nd6 37. Nf3 f6 38. Bd5 Ba6 39. b3 Rhf8 40. Rc2 Bc8 41.
Rcd2 Rd8 42. Ne1 Ba6 43. Qc5 Rab8 44. Nd3 Bxd3 45. Rxd3 Nb7 46. Qa7 1-0

[Event "DVM U16 2014"]
[Site "Magdeburg GER"]
[Date "2014.12.27"]
[Round "1"]
[White "Niesel, Tobias"]
[Black "Rieß, Alexander"]
[Result "1/2-1/2"]
[Termination "normal"]
[Board "1.3"]
[WhiteElo "1806"]
[BlackElo "1947"]
[WhiteTeam "SG Porz"]
[BlackTeam "Lübecker SV"]
[PlyCount "90"]
[WhiteFideId "12962155"]
[BlackFideId "12953326"]
[EventCountry "GER"]
[EventRounds "7"]
[EventType "team-swiss"]
[EventDate "2014.12.26"]

1. c4 e5 2. g3 Nc6 3. Bg2 f5 4. e3 Nf6 5. Ne2 g6 6. Nbc3 Bg7 7. d3 O-O 8. Rb1
d6 9. f4 Be6 10. O-O Qd7 11. b4 Nd8 12. Qc2 c6 13. Rd1 Nf7 14. b5 d5 15. Qa4
Rfc8 16. bxc6 bxc6 17. fxe5 Nxe5 18. Nf4 dxc4 19. dxc4 Qf7 20. Nxe6 Qxe6 21. c5
Bf8 22. Qb3 Qxb3 23. Rxb3 Bxc5 24. Na4 Rd8 25. Rxd8+ Rxd8 26. Bb2 Rd1+ 27. Bf1
Bd6 28. Nc3 Nf3+ 29. Kg2 Rxf1 30. Kxf1 Nd2+ 31. Ke2 Nxb3 32. axb3 Ng4 33. h3
Nf6 34. Kf3 Be5 35. Na4 Bxb2 36. Nxb2 Ne4 37. Nc4 Nc5 38. Na5 a6 39. b4 Ne6 40.
Nxc6 Kf7 41. h4 Nc7 42. e4 Ke6 43. exf5+ Kxf5 44. g4+ Ke6 45. Ke4 Nd5 1/2-1/2

[Event "DVM U16 2014"]
[Site "Magdeburg GER"]
[Date "2014.12.27"]
[Round "1"]
[White "Tiedemann, Fin Niklas"]
[Black "Yang, Daniel"]
[Result "1-0"]
[Termination "normal"]
[Board "1.4"]
[WhiteElo "1709"]
[BlackElo "1587"]
[WhiteTeam "Lübecker SV"]
[BlackTeam "SG Porz"]
[PlyCount "77"]
[WhiteFideId "12936936"]
[BlackFideId "12946273"]
[EventCountry "GER"]
[EventRounds "7"]
[EventType "team-swiss"]
[EventDate "2014.12.26"]

1. e4 c6 2. d4 d5 3. e5 Bf5 4. Bd3 Bg6 5. f4 e6 6. Nf3 Nd7 7. c3 Nh6 8. O-O Be7
9. b3 O-O 10. Bxg6 hxg6 11. Qd3 c5 12. Nbd2 Rc8 13. Bb2 Nb6 14. Rfc1 c4 15. Qe2
a5 16. Nf1 Nd7 17. Ne3 Nf5 18. Nxf5 gxf5 19. Nd2 cxb3 20. axb3 Qb6 21. Rf1 Rb8
22. Rf3 Qc7 23. Rh3 g6 24. Qb5 Ra8 25. Rf3 Ra6 26. h3 Rfa8 27. Ba3 Bxa3 28.
Rxa3 Nb6 29. g4 fxg4 30. hxg4 a4 31. b4 Rc8 32. Qd3 Nc4 33. Nxc4 Qxc4 34. Qd2
b5 35. Rh3 Kg7 36. f5 Kf8 37. fxg6 fxg6 38. Qf4+ Ke7 39. Qf6+ 1-0

[Event "DVM U16 2014"]
[Site "Magdeburg GER"]
[Date "2014.12.27"]
[Round "1"]
[White "Bergauz, Noam"]
[Black "Hammann, Jonas"]
[Result "1-0"]
[Termination "normal"]
[Board "2.1"]
[WhiteElo "2264"]
[BlackElo "1872"]
[WhiteTeam "SK München Südost"]
[BlackTeam "Stader SV"]
[PlyCount "61"]
[WhiteFideId "12938033"]
[BlackFideId "12930601"]
[EventCountry "GER"]
[EventRounds "7"]
[EventType "team-swiss"]
[EventDate "2014.12.26"]

1. e4 c5 2. Nf3 Nc6 3. d4 cxd4 4. Nxd4 e5 5. Nb5 d6 6. N1c3 a6 7. Na3 b5 8. Nd5
Rb8 9. g3 Be7 10. Bg2 Nf6 11. O-O O-O 12. c3 Ne8 13. Nc2 Kh8 14. Nce3 g6 15. f4
exf4 16. gxf4 f5 17. Nxe7 Nxe7 18. Qd4+ Ng7 19. b3 Qb6 20. Ba3 fxe4 21. Bxd6
Qxd4 22. cxd4 Rb7 23. Bxe4 Rd7 24. Be5 Bb7 25. Bxb7 Rxb7 26. Rac1 Rd7 27. Rc2
Kg8 28. Ng4 Nd5 29. Nh6+ Kh8 30. Rfc1 Ne7 31. Rc7 1-0

[Event "DVM U16 2014"]
[Site "Magdeburg GER"]
[Date "2014.12.27"]
[Round "1"]
[White "Leeb, Simon"]
[Black "Kragge, Jan"]
[Result "1-0"]
[Termination "normal"]
[Board "2.3"]
[WhiteElo "2000"]
[BlackElo "1800"]
[WhiteTeam "SK München Südost"]
[BlackTeam "Stader SV"]
[PlyCount "37"]
[WhiteFideId "12924768"]
[BlackFideId "12930415"]
[EventCountry "GER"]
[EventRounds "7"]
[EventType "team-swiss"]
[EventDate "2014.12.26"]

1. d4 d5 2. c4 c6 3. Nc3 Nf6 4. Nf3 dxc4 5. e3 b5 6. a4 Qa5 7. Bd2 Qb6 8. axb5
cxb5 9. b3 Be6 10. Ne5 Nc6 11. bxc4 Nxe5 12. dxe5 Nd7 13. Nxb5 Qc5 14. Ba5 Rc8
15. Qd4 f6 16. exf6 gxf6 17. Qe4 Bxc4 18. Bxc4 Qxc4 19. Nd6# 1-0

[Event "DVM U16 2014"]
[Site "Magdeburg GER"]
[Date "2014.12.27"]
[Round "1"]
[White "Fragel, Max"]
[Black "Huber, Benedikt"]
[Result "0-1"]
[Termination "normal"]
[Board "2.4"]
[WhiteElo "1768"]
[BlackElo "1798"]
[WhiteTeam "Stader SV"]
[BlackTeam "SK München Südost"]
[PlyCount "80"]
[WhiteFideId "12914193"]
[BlackFideId "12923583"]
[EventCountry "GER"]
[EventRounds "7"]
[EventType "team-swiss"]
[EventDate "2014.12.26"]

1. f4 d5 2. Nf3 Nc6 3. g3 Bf5 4. d3 e6 5. c3 Nf6 6. Bg2 Be7 7. Na3 O-O 8. Nc2
Re8 9. O-O Bc5+ 10. d4 Bd6 11. Nd2 Ng4 12. e4 dxe4 13. Nxe4 Bxe4 14. Bxe4 Nf6
15. Bg2 Rb8 16. Ne3 Ne7 17. Nc4 b5 18. Nxd6 cxd6 19. Bd2 Qd7 20. Qe2 Nc8 21.
Rfe1 d5 22. Qd3 Nd6 23. b3 Nfe4 24. Bxe4 Nxe4 25. Rxe4 dxe4 26. Qxe4 Qd5 27.
Re1 Rbd8 28. Qxd5 exd5 29. Re5 f6 30. Re3 Rxe3 31. Bxe3 Rc8 32. Bd2 b4 33. cxb4
Rc2 34. Be3 Re2 35. Bf2 Rxa2 36. Kg2 Rb2 37. h4 f5 38. Kg1 Rxb3 39. Be1 Rb1 40.
Kf1 Ra1 0-1

[Event "DVM U16 2014"]
[Site "Magdeburg GER"]
[Date "2014.12.27"]
[Round "1"]
[White "Geue, Niklas"]
[Black "Ehmann, Thilo"]
[Result "1-0"]
[Termination "normal"]
[Board "3.1"]
[WhiteElo "1896"]
[BlackElo "2072"]
[WhiteTeam "USC Magdeburg"]
[BlackTeam "SF Sasbach"]
[PlyCount "149"]
[WhiteFideId "12961043"]
[BlackFideId "12940968"]
[EventCountry "GER"]
[EventRounds "7"]
[EventType "team-swiss"]
[EventDate "2014.12.26"]

1. e4 e5 2. Nf3 Nc6 3. Bb5 a6 4. Ba4 Nf6 5. O-O Be7 6. Re1 b5 7. Bb3 O-O 8. h3
Bb7 9. d3 d5 10. exd5 Nxd5 11. a4 Nd4 12. Nbd2 Nb4 13. Nxe5 Nxb3 14. Nxb3 Qd5
15. Nf3 Bd6 16. Na5 Bc8 17. Bd2 Qh5 18. Nd4 Qd5 19. Bc3 c5 20. Bxb4 Qxd4 21.
Bc3 Qf4 22. g3 Qh6 23. h4 Qg6 24. Be5 Bg4 25. Qd2 Rae8 26. Bxd6 Qxd6 27. axb5
axb5 28. Rxe8 Rxe8 29. Re1 Ra8 30. Nb3 Qc6 31. Kh2 h5 32. Re5 f6 33. Rxc5 Qb7
34. d4 Re8 35. d5 Bf3 36. Qd3 Be4 37. Qxb5 Qxb5 38. Rxb5 Bxc2 39. Nd4 Bd3 40.
Rb7 g5 41. hxg5 Be4 42. gxf6 Rf8 43. Rg7+ Kh8 44. Rg5 Rxf6 45. Rxh5+ Kg8 46. f4
Rb6 47. b3 Rb4 48. Ne6 Rxb3 49. Nc5 Rb2+ 50. Kg1 Bf3 51. Rg5+ Kf7 52. Nd3 Rb1+
53. Kf2 Bh1 54. Ne5+ Ke7 55. Nc4 Rd1 56. d6+ Kf6 57. Ke3 Bc6 58. Ne5 Be8 59.
Rg8 Bb5 60. Rb8 Ba4 61. Rb6 Ke6 62. d7+ Ke7 63. Rb7 Rd5 64. Ke4 Rd1 65. g4 Re1+
66. Kf5 Rd1 67. g5 Bc2+ 68. Kg4 Be4 69. Ra7 Rg1+ 70. Kh4 Rd1 71. g6 Rg1 72. Nf7
Ke6 73. d8=Q Kf5 74. Ra5+ Kxf4 75. Qd2+ 1-0

[Event "DVM U16 2014"]
[Site "Magdeburg GER"]
[Date "2014.12.27"]
[Round "1"]
[White "Riehle, Marco"]
[Black "Fahsel, Nico"]
[Result "1-0"]
[Termination "normal"]
[Board "3.2"]
[WhiteElo "2034"]
[BlackElo "1810"]
[WhiteTeam "SF Sasbach"]
[BlackTeam "USC Magdeburg"]
[PlyCount "39"]
[WhiteFideId "12904392"]
[BlackFideId "1270256"]
[EventCountry "GER"]
[EventRounds "7"]
[EventType "team-swiss"]
[EventDate "2014.12.26"]

1. e4 e6 2. d4 d5 3. exd5 exd5 4. Nf3 Bd6 5. c4 Nf6 6. Nc3 dxc4 7. Bxc4 Bg4 8.
Qe2+ Qe7 9. Qxe7+ Kxe7 10. Ng5 Bh5 11. O-O Re8 12. Nb5 Nc6 13. f3 Nxd4 14. Nxd4
Bc5 15. Be3 Kd7 16. Bf2 h6 17. Nh3 Bd6 18. Nf5 Bg6 19. Nxd6 cxd6 20. Bb5+ 1-0

[Event "DVM U16 2014"]
[Site "Magdeburg GER"]
[Date "2014.12.27"]
[Round "1"]
[White "Wagner, Dominik"]
[Black "Bohnert, Dominik"]
[Result "0-1"]
[Termination "normal"]
[Board "3.3"]
[WhiteElo "1833"]
[BlackElo "2054"]
[WhiteTeam "USC Magdeburg"]
[BlackTeam "SF Sasbach"]
[PlyCount "64"]
[WhiteFideId "12957380"]
[BlackFideId "12918075"]
[EventCountry "GER"]
[EventRounds "7"]
[EventType "team-swiss"]
[EventDate "2014.12.26"]

1. e4 e5 2. Nf3 Nc6 3. Bc4 Bc5 4. c3 Nf6 5. d3 a6 6. Bb3 d6 7. Nbd2 O-O 8. h3
d5 9. Qe2 Re8 10. Nf1 dxe4 11. dxe4 Be6 12. Bc2 b5 13. N3d2 Ne7 14. Ng3 Ng6 15.
O-O Qc8 16. Nf5 Nf4 17. Qf3 g6 18. Ne3 N6h5 19. Nb3 Ba7 20. g4 Nf6 21. Ng2 g5
22. Nxf4 exf4 23. Nd4 c5 24. Nxe6 Qxe6 25. Re1 Nd7 26. b3 Ne5 27. Qe2 Qh6 28.
Kh2 f3 29. Qd2 Nxg4+ 30. Kg1 Qxh3 31. Qxg5+ Kh8 32. Bf4 Qg2# 0-1

[Event "DVM U16 2014"]
[Site "Magdeburg GER"]
[Date "2014.12.27"]
[Round "1"]
[White "Zimmer, Raphael"]
[Black "Wagner, Benjamin"]
[Result "1-0"]
[Termination "normal"]
[Board "3.4"]
[WhiteElo "1842"]
[BlackElo "1652"]
[WhiteTeam "SF Sasbach"]
[BlackTeam "USC Magdeburg"]
[PlyCount "115"]
[WhiteFideId "12978841"]
[BlackFideId "12957330"]
[EventCountry "GER"]
[EventRounds "7"]
[EventType "team-swiss"]
[EventDate "2014.12.26"]

1. e4 e5 2. Nf3 Nc6 3. d4 exd4 4. Bc4 Nf6 5. e5 d5 6. Bb5 Ne4 7. Nxd4 Bd7 8.
Bxc6 bxc6 9. O-O Bc5 10. f3 Ng5 11. f4 Ne4 12. Be3 Bb6 13. c3 O-O 14. Nd2 Nxd2
15. Qxd2 Qe7 16. Nb3 Bf5 17. a4 Rab8 18. Nd4 Bxd4 19. Bxd4 a5 20. Qf2 Qe6 21.
Bc5 Rfe8 22. b4 Qg6 23. Ra3 Bd3 24. Re1 Qf5 25. h3 Bc4 26. g4 Qd3 27. Qe3 Qxe3+
28. Rxe3 h6 29. Ra1 Kh7 30. Kf2 g6 31. Rb1 Kg8 32. Rb2 Rb7 33. Re1 Kg7 34. Ke3
Ra8 35. Ra1 Kg8 36. Kd4 f6 37. e6 Kg7 38. f5 g5 39. h4 Rbb8 40. hxg5 hxg5 41.
Rh2 axb4 42. Rah1 Rh8 43. Rxh8 Rxh8 44. Rxh8 Kxh8 45. cxb4 Kg7 46. Be7 Bb3 47.
a5 Bc4 48. Bd8 Ba6 49. Bxc7 Be2 50. Bd6 Ba6 51. Kc5 Bb5 52. Be7 Be2 53. Bd6 Bb5
54. a6 Bxa6 55. Kxc6 d4 56. b5 d3 57. Bb4 d2 58. Bxd2 1-0

[Event "DVM U16 2014"]
[Site "Magdeburg GER"]
[Date "2014.12.27"]
[Round "1"]
[White "Peczely, Sebastian Zsombor"]
[Black "Berezhnoy, Alex"]
[Result "1-0"]
[Termination "normal"]
[Board "4.1"]
[WhiteElo "2197"]
[BlackElo "1723"]
[WhiteTeam "Schachgemeinschaft Leipzig"]
[BlackTeam "VfSuF Düsseldorf-Süd"]
[PlyCount "67"]
[WhiteFideId "750964"]
[BlackFideId "12918997"]
[EventCountry "GER"]
[EventRounds "7"]
[EventType "team-swiss"]
[EventDate "2014.12.26"]

1. e4 e5 2. Nf3 Nf6 3. Nxe5 d6 4. Nf3 Nxe4 5. Nc3 Nxc3 6. dxc3 Be7 7. Bd3 Nc6
8. Bf4 Be6 9. Qe2 Qd7 10. a3 a6 11. O-O-O O-O-O 12. Kb1 h6 13. Rhe1 Bf6 14. h3
Rhe8 15. g4 g5 16. Be3 Be5 17. Nd4 Bxd4 18. cxd4 Bd5 19. Bf5 Re6 20. Bxe6 fxe6
21. f4 Rh8 22. Rg1 gxf4 23. Bxf4 Qh7 24. Be3 Be4 25. Rdf1 e5 26. dxe5 Nxe5 27.
Bd4 Re8 28. Bxe5 Rxe5 29. Rf8+ Kd7 30. Rgf1 Kc6 31. R8f7 Qg6 32. R1f6 Bxc2+ 33.
Qxc2+ Qxc2+ 34. Kxc2 1-0

[Event "DVM U16 2014"]
[Site "Magdeburg GER"]
[Date "2014.12.27"]
[Round "1"]
[White "Chittka, Julius"]
[Black "Richter, Leonard"]
[Result "0-1"]
[Termination "normal"]
[Board "4.2"]
[WhiteElo "1962"]
[BlackElo "2113"]
[WhiteTeam "VfSuF Düsseldorf-Süd"]
[BlackTeam "Schachgemeinschaft Leipzig"]
[PlyCount "68"]
[WhiteFideId "12954772"]
[BlackFideId "12900290"]
[EventCountry "GER"]
[EventRounds "7"]
[EventType "team-swiss"]
[EventDate "2014.12.26"]

1. d4 Nf6 2. c4 g6 3. Nc3 Bg7 4. e4 d6 5. f4 O-O 6. Nf3 c5 7. dxc5 Qa5 8. Bd3
Qxc5 9. Qe2 Nc6 10. Be3 Qa5 11. O-O Bg4 12. Rac1 Nd7 13. Qf2 Nc5 14. Bb1 Bxf3
15. gxf3 Na4 16. Nxa4 Qxa4 17. f5 gxf5 18. exf5 Bf6 19. Kh1 Kh8 20. Rg1 Rg8 21.
Be4 Qxa2 22. Bxc6 bxc6 23. Bd4 Qa5 24. c5 Qb4 25. Bxf6+ exf6 26. cxd6 Qxd6 27.
Qh4 Qe5 28. Rxg8+ Rxg8 29. Rxc6 Rg5 30. Rc8+ Kg7 31. Qb4 Qxf5 32. Qf8+ Kg6 33.
Qg8+ Kh6 34. Qf8+ Rg7 0-1

[Event "DVM U16 2014"]
[Site "Magdeburg GER"]
[Date "2014.12.27"]
[Round "1"]
[White "Kreyssig, Bruno"]
[Black "Surguchov, Alexander"]
[Result "1/2-1/2"]
[Termination "normal"]
[Board "4.3"]
[WhiteElo "1899"]
[BlackElo "1748"]
[WhiteTeam "Schachgemeinschaft Leipzig"]
[BlackTeam "VfSuF Düsseldorf-Süd"]
[PlyCount "40"]
[WhiteFideId "4692489"]
[BlackFideId "1272035"]
[EventCountry "GER"]
[EventRounds "7"]
[EventType "team-swiss"]
[EventDate "2014.12.26"]

1. e4 e6 2. d4 d5 3. Nd2 Nf6 4. e5 Nfd7 5. f4 c5 6. c3 Nc6 7. Ndf3 Qb6 8. Ne2
Be7 9. a3 a5 10. f5 Nf8 11. Nf4 Bd7 12. Rb1 cxd4 13. cxd4 Bxa3 14. Be3 Bb4+ 15.
Kf2 O-O-O 16. Bd3 h6 17. h4 Rg8 18. h5 Kb8 19. Qe2 Be7 20. Rhc1 Nb4 1/2-1/2

[Event "DVM U16 2014"]
[Site "Magdeburg GER"]
[Date "2014.12.27"]
[Round "1"]
[White "Gula, Julian"]
[Black "Hofmann, Timo"]
[Result "1/2-1/2"]
[Termination "normal"]
[Board "4.4"]
[WhiteElo "1627"]
[BlackElo "1716"]
[WhiteTeam "VfSuF Düsseldorf-Süd"]
[BlackTeam "Schachgemeinschaft Leipzig"]
[PlyCount "54"]
[WhiteFideId "12954799"]
[BlackFideId "12946044"]
[EventCountry "GER"]
[EventRounds "7"]
[EventType "team-swiss"]
[EventDate "2014.12.26"]

1. d4 Nf6 2. c4 g6 3. Nc3 Bg7 4. Nf3 O-O 5. e4 d6 6. h3 e5 7. d5 a5 8. Bg5 h6
9. Be3 Na6 10. Nd2 Nc5 11. g4 Nfd7 12. h4 Nb6 13. h5 g5 14. b3 c6 15. a3 Na6
16. Be2 Bd7 17. O-O Rc8 18. Rc1 Kh8 19. Rc2 cxd5 20. cxd5 Qc7 21. Qb1 f5 22.
gxf5 Nxd5 23. exd5 Bxf5 24. Rfc1 Bxc2 25. Rxc2 Nb4 26. axb4 axb4 27. Nde4 bxc3
1/2-1/2

[Event "DVM U16 2014"]
[Site "Magdeburg GER"]
[Date "2014.12.27"]
[Round "1"]
[White "Scheinhütte, Jakob"]
[Black "Flüchter, Gregor"]
[Result "0-1"]
[Termination "normal"]
[Board "5.1"]
[WhiteElo "1768"]
[BlackElo "2127"]
[WhiteTeam "SV Empor Berlin"]
[BlackTeam "SF Brackel 1930"]
[PlyCount "62"]
[WhiteFideId "24693944"]
[BlackFideId "12903396"]
[EventCountry "GER"]
[EventRounds "7"]
[EventType "team-swiss"]
[EventDate "2014.12.26"]

1. e4 c5 2. Nf3 d6 3. Nc3 Nf6 4. e5 dxe5 5. Nxe5 a6 6. a4 Qc7 7. Nc4 Nc6 8. d3
Be6 9. g3 Bxc4 10. dxc4 Rd8 11. Bd2 e6 12. Bg2 Be7 13. O-O O-O 14. Qc1 h6 15.
Be3 Rd7 16. Ne4 Nd4 17. Re1 Qe5 18. Bf4 Qf5 19. Ra3 Rfd8 20. c3 Ne2+ 21. Rxe2
Rd1+ 22. Re1 Rxc1 23. Nxf6+ Bxf6 24. Rxc1 Bg5 25. Bxg5 Qxg5 26. Raa1 b6 27. Rd1
Rd2 28. b3 Qd8 29. Bf3 Qd3 30. Rxd2 Qxd2 31. Rd1 Qxc3 0-1

[Event "DVM U16 2014"]
[Site "Magdeburg GER"]
[Date "2014.12.27"]
[Round "1"]
[White "Birnkraut, Tim"]
[Black "Feyer, Leon"]
[Result "1-0"]
[Termination "normal"]
[Board "5.2"]
[WhiteElo "1954"]
[BlackElo "1824"]
[WhiteTeam "SF Brackel 1930"]
[BlackTeam "SV Empor Berlin"]
[PlyCount "179"]
[WhiteFideId "24609587"]
[BlackFideId "12957240"]
[EventCountry "GER"]
[EventRounds "7"]
[EventType "team-swiss"]
[EventDate "2014.12.26"]

1. e4 e5 2. Nf3 Nc6 3. Bc4 Bc5 4. c3 Nf6 5. d4 exd4 6. e5 d5 7. Be2 Ne4 8. cxd4
Bb4+ 9. Nbd2 Bg4 10. O-O O-O 11. Nb3 f6 12. a3 Be7 13. exf6 Bxf6 14. Be3 Qd6
15. Rc1 Ne7 16. Qc2 c6 17. h3 Bh5 18. Nbd2 Bg6 19. Bd3 Qe6 20. Rce1 Nxd2 21.
Bxd2 Qd6 22. Bb4 Bxd3 23. Qxd3 Qc7 24. Re2 a5 25. Bd2 Ng6 26. Rfe1 Nf4 27. Bxf4
Qxf4 28. Qb3 Bxd4 29. Nxd4 Qxd4 30. Qxb7 Rab8 31. Qxc6 Rxb2 32. Rxb2 Qxb2 33.
Qxd5+ Kh8 34. Qc5 Kg8 35. f3 Qd2 36. Qe3 Qb2 37. Qe6+ Kh8 38. Qd6 Rb8 39. Qc6
h6 40. Re8+ Rxe8 41. Qxe8+ Kh7 42. Qe4+ Kg8 43. Qa8+ Kh7 44. Qxa5 Qc1+ 45. Kf2
Qc2+ 46. Kf1 Qc1+ 47. Ke2 Qb2+ 48. Qd2 Qe5+ 49. Kf2 Qc5+ 50. Qe3 Qc2+ 51. Kg3
Qg6+ 52. Kh2 Qd6+ 53. g3 Qb8 54. h4 Kh8 55. a4 Qb2+ 56. Kh3 Qa1 57. Qe8+ Kh7
58. Qe4+ Kh8 59. h5 Qa3 60. Kg4 Qc5 61. Qf4 Qc8+ 62. Kh4 Qd8+ 63. Kh3 Qa5 64.
Qb8+ Kh7 65. Qb5 Qc3 66. Qf5+ Kh8 67. a5 Qa3 68. Qd5 Kh7 69. Qe4+ Kh8 70. Qa8+
Kh7 71. a6 Qc5 72. Qe4+ Kh8 73. Qe8+ Kh7 74. Qg6+ Kh8 75. f4 Qg1 76. Qe8+ Kh7
77. Qe4+ Kh8 78. Qa8+ Kh7 79. a7 Qf1+ 80. Kh4 Qe2 81. Qb7 Qh2+ 82. Kg4 Qe2+ 83.
Qf3 Qe6+ 84. f5 Qc4+ 85. Kh3 Qc1 86. a8=Q Qg5 87. Qae4 Qf6 88. Qe6 Qf7 89. Qg6+
Qxg6 90. fxg6+ 1-0

[Event "DVM U16 2014"]
[Site "Magdeburg GER"]
[Date "2014.12.27"]
[Round "1"]
[White "Denkert, Anna"]
[Black "Stemmler, Fabian"]
[Result "0-1"]
[Termination "normal"]
[Board "5.3"]
[WhiteElo "1716"]
[BlackElo "1856"]
[WhiteTeam "SV Empor Berlin"]
[BlackTeam "SF Brackel 1930"]
[PlyCount "96"]
[WhiteFideId "12938122"]
[BlackFideId "12964808"]
[EventCountry "GER"]
[EventRounds "7"]
[EventType "team-swiss"]
[EventDate "2014.12.26"]

1. e4 e6 2. d4 d5 3. exd5 exd5 4. c4 Nf6 5. Nc3 Be7 6. Nf3 O-O 7. Be2 dxc4 8.
Bxc4 Nbd7 9. h3 Nb6 10. Bb3 c6 11. O-O Bf5 12. Re1 Bd6 13. Nh4 Bd7 14. Qd3 Nfd5
15. Nf3 Nf4 16. Qc2 Be6 17. Bxe6 Nxe6 18. Rxe6 fxe6 19. Ng5 g6 20. h4 Qd7 21.
Nce4 e5 22. h5 exd4 23. hxg6 hxg6 24. b3 Be5 25. Nc5 Qf5 26. Qxf5 Rxf5 27. Nxb7
d3 28. Rb1 Nd5 29. Bd2 Nc3 30. Bxc3 Bxc3 31. Ne4 Bb4 32. Rd1 d2 33. Nbd6 Bxd6
34. Nxd6 Rd5 35. Ne4 Rd4 36. f3 a5 37. Rxd2 Rxd2 38. Nxd2 a4 39. Kf2 axb3 40.
axb3 Ra2 41. Ke3 Kf7 42. Nc4 Ke6 43. g4 Rc2 44. Nd2 Ke5 45. Kd3 Rc1 46. Ke2 Kf4
47. Kd3 Rd1 48. b4 g5 0-1

[Event "DVM U16 2014"]
[Site "Magdeburg GER"]
[Date "2014.12.27"]
[Round "1"]
[White "Wastian, Jan"]
[Black "Denkert, Robert"]
[Result "0-1"]
[Termination "normal"]
[Board "5.4"]
[WhiteElo "1656"]
[BlackElo "1711"]
[WhiteTeam "SF Brackel 1930"]
[BlackTeam "SV Empor Berlin"]
[PlyCount "136"]
[WhiteFideId "12911640"]
[BlackFideId "12957216"]
[EventCountry "GER"]
[EventRounds "7"]
[EventType "team-swiss"]
[EventDate "2014.12.26"]

1. e4 e6 2. Nf3 d5 3. Nc3 Nf6 4. e5 Nfd7 5. d4 c5 6. Bg5 Qb6 7. dxc5 Bxc5 8.
Qd2 Nc6 9. O-O-O O-O 10. a3 Ncxe5 11. Na4 Qc6 12. Nxc5 Qxc5 13. Bf4 Ng6 14. Bg3
Nf6 15. Bd3 Bd7 16. h4 h6 17. Bxg6 fxg6 18. Ne5 Ba4 19. Nd3 Qb6 20. f3 Rac8 21.
Ne1 Rc6 22. Kb1 Rfc8 23. Rc1 Nd7 24. Bf2 Qb5 25. f4 Nc5 26. Bxc5 Rxc5 27. Ka1
R5c6 28. Rh3 Qa6 29. Re3 R6c7 30. Qe2 Qxe2 31. Rxe2 Kf7 32. Kb1 Rc4 33. Nd3 Re4
34. Rce1 Bc6 35. Rxe4 dxe4 36. Ne5+ Kf6 37. Nxc6 Rxc6 38. Rxe4 Rd6 39. Re3 Rd1+
40. Ka2 Rd2 41. c4 Rxg2 42. Rd3 Ke7 43. a4 Rg4 44. b4 Rxf4 45. Kb3 Rxh4 46. c5
Rh5 47. Kc4 Rd5 48. Rf3 a6 49. b5 Rd1 50. Kb4 Rc1 51. bxa6 bxa6 52. Ka5 Rxc5+
53. Kxa6 e5 54. Kb6 Rc1 55. a5 Ra1 56. a6 Ke6 57. a7 e4 58. Rf1 Rxa7 59. Kxa7
g5 60. Kb6 h5 61. Kc5 Ke5 62. Kc4 g4 63. Kc3 h4 64. Kd2 g5 65. Ke3 g3 66. Ra1
h3 67. Rg1 h2 68. Rxg3 h1=Q 0-1

[Event "DVM U16 2014"]
[Site "Magdeburg GER"]
[Date "2014.12.27"]
[Round "1"]
[White "Beeck, Mats"]
[Black "Bykov, Ilya"]
[Result "1-0"]
[Termination "normal"]
[Board "6.1"]
[WhiteElo "2127"]
[BlackElo "1732"]
[WhiteTeam "SK Doppelbauer Kiel"]
[BlackTeam "Karlsruher SF 1853"]
[PlyCount "91"]
[WhiteFideId "12936944"]
[BlackFideId "12918059"]
[EventCountry "GER"]
[EventRounds "7"]
[EventType "team-swiss"]
[EventDate "2014.12.26"]

1. d4 Nf6 2. Bg5 d6 3. Bxf6 exf6 4. g3 g6 5. Bg2 Bg7 6. e3 O-O 7. Ne2 Nd7 8. c4
c5 9. O-O Qb6 10. Qd2 f5 11. Nbc3 Nf6 12. Rfd1 Be6 13. b3 Rad8 14. Nf4 g5 15.
Nfd5 Bxd5 16. Nxd5 Nxd5 17. Bxd5 Rde8 18. Rab1 cxd4 19. exd4 h6 20. Kg2 Re7 21.
Re1 Rfe8 22. Rxe7 Rxe7 23. Rd1 Qc7 24. b4 b6 25. Qc2 Qc8 26. Rd2 Kf8 27. c5
dxc5 28. dxc5 bxc5 29. bxc5 Be5 30. c6 Kg7 31. Qc5 Qc7 32. Bc4 Kf6 33. Rd5 Kg7
34. Bd3 Re6 35. Bb5 Re7 36. Qc2 Qc8 37. Qd3 Qe6 38. Rd7 Bc7 39. Qd4+ Qe5 40.
Qxe5+ Rxe5 41. Rxc7 Rxb5 42. Rxa7 Rc5 43. c7 Kf6 44. h4 g4 45. h5 Ke5 46. Ra5
1-0

[Event "DVM U16 2014"]
[Site "Magdeburg GER"]
[Date "2014.12.27"]
[Round "1"]
[White "Wiesner, Alexander"]
[Black "Pluska, Alexander"]
[Result "0-1"]
[Termination "normal"]
[Board "6.2"]
[WhiteElo "1799"]
[BlackElo "1917"]
[WhiteTeam "Karlsruher SF 1853"]
[BlackTeam "SK Doppelbauer Kiel"]
[PlyCount "98"]
[WhiteFideId "12943991"]
[BlackFideId "12975141"]
[EventCountry "GER"]
[EventRounds "7"]
[EventType "team-swiss"]
[EventDate "2014.12.26"]

1. d4 Nf6 2. c4 e6 3. Nc3 d5 4. cxd5 exd5 5. Bg5 Be7 6. e3 O-O 7. Bd3 Nbd7 8.
Qc2 c6 9. Nge2 Re8 10. O-O Nf8 11. Rad1 g6 12. f3 Ne6 13. Bh4 a6 14. Bf2 b5 15.
h3 Qb6 16. e4 Bb7 17. e5 Nh5 18. Qb3 Rad8 19. a4 c5 20. axb5 c4 21. Bxc4 dxc4
22. Qxc4 axb5 23. Qxb5 Qxb5 24. Nxb5 Ba6 25. Nbc3 Nhf4 26. Nxf4 Nxf4 27. Rfe1
Rb8 28. Rd2 Bb4 29. Red1 Bxc3 30. bxc3 Ne2+ 31. Kh2 Nxc3 32. Rc1 Nd5 33. Rc5
Rb5 34. Rxb5 Bxb5 35. Rc2 Bd7 36. g4 g5 37. h4 h6 38. hxg5 hxg5 39. Kg3 Kg7 40.
Be1 Kg6 41. Bd2 Ra8 42. Bc1 Ra4 43. Rh2 Rxd4 44. Rh5 Nf4 45. Rh8 Ne2+ 46. Kf2
Nxc1 47. Rg8+ Kh6 48. Rb8 Rf4 49. Rb6+ Be6 0-1